| 000 | 00508nam a2200181Ia 4500 | ||
|---|---|---|---|
| 999 |
_c23312 _d23312 |
||
| 003 | OSt | ||
| 005 | 20200215104703.0 | ||
| 008 | 190216s9999||||xx |||||||||||||| ||und|| | ||
| 020 | _a9798172044892 | ||
| 040 | _coclc | ||
| 082 |
_a297 _bMUH/I |
||
| 100 |
_aMuhammed, T _91908 |
||
| 245 | 0 |
_aIslamile Navothana Prasthanangal / _cT Muhammed |
|
| 250 | _a6th ed. | ||
| 260 |
_bIslamic Publishing House, _c2009. _aKozhikode: |
||
| 300 | _a62p | ||
| 942 |
_cBK _2ddc _h297 _iMUH/I _k297 _mMUH/I |
||